| 000 | 00517nam a22001817a 4500 | ||
|---|---|---|---|
| 005 | 20230116102430.0 | ||
| 008 | 190503b xxu||||| |||| 00| 0 eng d | ||
| 020 | _a978-93-87686-02-1 | ||
| 041 | _aeng | ||
| 082 |
_a610.01 _bSHI-P |
||
| 100 |
_aSHIMPI, GOPAL BANSILAL AND USMAN, MD. RAGEEB _94964 |
||
| 245 | _aA PRACTICAL BOOK OF COMPUTER APPLICATIONS IN PHARMACY (SEM-II) | ||
| 250 | _a3rd ed. 2019 | ||
| 260 |
_aPUNE _bNIRALI PRAKASHAN |
||
| 300 | _aP.66 p, | ||
| 650 |
_aPHARMACY _xB.PHARMA _97083 |
||
| 942 | _cBK | ||
| 999 |
_c5848 _d5846 |
||